Krizový management krizová komunikace
Uložené v:
| Hlavný autor: | |
|---|---|
| Korporativný autor: | |
| Ďalší autori: | |
| Médium: | Kniha |
| Jazyk: | Czech |
| Vydavateľské údaje: |
Praha
VŠE v Praze, Nakladatelství Oeconomica
2006
|
| Vydanie: | 1. dotisk 1. vyd. |
| Predmet: | |
| Tagy: |
Žiadne tagy, Buďte prvý, kto otaguje tento záznam!
|
MARC
| LEADER | 00000nam$a2200000$$$4500 | ||
|---|---|---|---|
| 001 | 0054835 | ||
| 005 | 20240223111736.4 | ||
| 020 | |a 80-245-0945-8 | ||
| 041 | 0 | |a cze | |
| 044 | |a CZ | ||
| 245 | 1 | 0 | |a Krizový management |b krizová komunikace |c Emil Antušák, Zdeněk Kopecký |
| 250 | |a 1. dotisk 1. vyd. | ||
| 264 | 1 | |a Praha |b VŠE v Praze, Nakladatelství Oeconomica |c 2006 | |
| 300 | |a 91 s. | ||
| 610 | 2 | 0 | |a manažment krízový |
| 610 | 2 | 0 | |a kríza |
| 610 | 2 | 0 | |a komunikácia |
| 610 | 2 | 0 | |a pojmy |
| 610 | 2 | 0 | |a vývoj |
| 610 | 2 | 0 | |a komunikácia sociálna |
| 610 | 2 | 0 | |a médiá |
| 610 | 2 | 0 | |a internet |
| 100 | 1 | |a Antušák, Emil | |
| 700 | 1 | |a Kopecký, Zdeněk | |
| 710 | 2 | |a Vysoká škola ekonomická v Praze. Podnikohospodářská fakulta | |